00229nam a2200097Ia 4500008004100000041000800041082001600049100002600065245001400091260002600105221007s9999 xx 000 0 und d aeng a005.43bMIC aMicrosoft corporation aMicrosoft bMicrosoft corporation